[Event "Novi Sad TS IM Mix 275th"]
[Site "Novi Sad"]
[Date "2022.06.18"]
[Round "8"]
[White "Kosanovic, Goran A"]
[Black "Aarav, Dengla"]
[Result "1/2-1/2"]
[WhiteElo "2285"]
[BlackElo "2109"]
[PlyCount "24"]
[EventDate "2022.06.13"]
[EventType "tourn"]
[EventRounds "9"]
[EventCountry "SRB"]
[EventCategory "1"]
[SourceTitle "CBM 208 Extra"]
[Source "ChessBase"]
[SourceDate "2022.07.31"]
[SourceVersion "1"]
[SourceVersionDate "2022.07.31"]
[SourceQuality "1"]

1. d4 d5 2. c4 c6 3. Nf3 Nf6 4. cxd5 cxd5 5. Nc3 Nc6 6. Bf4 Bf5 7. e3 e6 8. Bd3 Bxd3 9. Qxd3 Be7 10. 0-0 0-0 11. Rfc1 Rc8 12. h3 a6 1/2-1/2

[Event "Novi Sad TS IM Mix 275th"]
[Site "Novi Sad"]
[Date "2022.06.17"]
[Round "7"]
[White "Naumkin, Igor"]
[Black "Kosanovic, Goran A"]
[Result "1/2-1/2"]
[WhiteElo "2240"]
[BlackElo "2285"]
[PlyCount "21"]
[EventDate "2022.06.13"]
[EventType "tourn"]
[EventRounds "9"]
[EventCountry "SRB"]
[EventCategory "1"]
[SourceTitle "CBM 208 Extra"]
[Source "ChessBase"]
[SourceDate "2022.07.31"]
[SourceVersion "1"]
[SourceVersionDate "2022.07.31"]
[SourceQuality "1"]

1. d4 Nf6 2. c4 e6 3. Nf3 b6 4. g3 Bb7 5. Bg2 Be7 6. 0-0 0-0 7. Nc3 Ne4 8. Nxe4 Bxe4 9. Ne1 Bxg2 10. Kxg2 d5 11. Qa4 1/2-1/2

[Event "Novi Sad TS IM Mix 275th"]
[Site "Novi Sad"]
[Date "2022.06.16"]
[Round "6"]
[White "Kosanovic, Goran A"]
[Black "Remecki, Sinisa"]
[Result "1/2-1/2"]
[WhiteElo "2285"]
[BlackElo "2325"]
[PlyCount "50"]
[EventDate "2022.06.13"]
[EventType "tourn"]
[EventRounds "9"]
[EventCountry "SRB"]
[EventCategory "1"]
[SourceTitle "CBM 208 Extra"]
[Source "ChessBase"]
[SourceDate "2022.07.31"]
[SourceVersion "1"]
[SourceVersionDate "2022.07.31"]
[SourceQuality "1"]

1. e4 c6 2. d4 d5 3. Nc3 dxe4 4. Nxe4 Nf6 5. Nxf6+ gxf6 6. Nf3 Bf5 7. c3 Nd7 8. g3 e6 9. Nh4 Bg6 10. Bg2 Be7 11. 0-0 f5 12. Nxg6 hxg6 13. Qb3 Qb6 14. h4 Nf6 15. Re1 Qxb3 16. axb3 a6 17. Bf3 0-0-0 18. Kg2 Nd5 19. b4 Bf6 20. Bg5 Bxg5 21. hxg5 Rh7 22. Rh1 Rdh8 23. Rxh7 Rxh7 24. Bxd5 exd5 25. Re1 Kd7 1/2-1/2

[Event "Novi Sad TS IM Mix 272nd"]
[Site "Novi Sad"]
[Date "2022.06.09"]
[Round "6"]
[White "Kosanovic, Goran A"]
[Black "Duran Vega, Sergio"]
[Result "1/2-1/2"]
[WhiteElo "2285"]
[BlackElo "2365"]
[PlyCount "42"]
[EventDate "2022.06.06"]
[EventType "tourn"]
[EventRounds "9"]
[EventCountry "SRB"]
[EventCategory "1"]
[SourceTitle "CBM 208 Extra"]
[Source "ChessBase"]
[SourceDate "2022.07.31"]
[SourceVersion "1"]
[SourceVersionDate "2022.07.31"]
[SourceQuality "1"]

1. d4 Nf6 2. Nf3 d5 3. e3 c5 4. dxc5 e6 5. c4 Bxc5 6. Nc3 0-0 7. cxd5 exd5 8. Be2 Nc6 9. 0-0 Be6 10. Na4 Be7 11. b3 a6 12. Bb2 b5 13. Rc1 Nb4 14. Nc3 Rc8 15. Nd4 Qd7 16. Bf3 Rc7 17. a3 Nc6 18. Nxc6 Rxc6 19. Ne2 Rxc1 20. Qxc1 Rc8 21. Qa1 Bg4 1/2-1/2

[Event "Novi Sad TS Mix 263rd"]
[Site "Novi Sad"]
[Date "2022.05.24"]
[Round "3"]
[White "Kosanovic, Goran A"]
[Black "Popchev, Milko"]
[Result "1/2-1/2"]
[WhiteElo "2306"]
[BlackElo "2200"]
[PlyCount "21"]
[EventDate "2022.05.23"]
[EventType "swiss"]
[EventRounds "9"]
[EventCountry "SRB"]
[SourceTitle "CBM 208 Extra"]
[Source "ChessBase"]
[SourceDate "2022.07.31"]
[SourceVersion "1"]
[SourceVersionDate "2022.07.31"]
[SourceQuality "1"]

1. Nf3 Nf6 2. c4 e6 3. d4 Bb4+ 4. Bd2 Qe7 5. Nc3 0-0 6. e3 Bxc3 7. Bxc3 Ne4 8. Qc2 Nxc3 9. Qxc3 d6 10. Be2 Re8 11. 0-0 1/2-1/2

[Event "Novi Sad TS Mix 263rd"]
[Site "Novi Sad"]
[Date "2022.05.24"]
[Round "2"]
[White "Mohammed, Dilshad"]
[Black "Kosanovic, Goran A"]
[Result "1/2-1/2"]
[WhiteElo "2041"]
[BlackElo "2306"]
[PlyCount "21"]
[EventDate "2022.05.23"]
[EventType "swiss"]
[EventRounds "9"]
[EventCountry "SRB"]
[SourceTitle "CBM 208 Extra"]
[Source "ChessBase"]
[SourceDate "2022.07.31"]
[SourceVersion "1"]
[SourceVersionDate "2022.07.31"]
[SourceQuality "1"]

1. Nf3 c5 2. c4 g6 3. Nc3 Bg7 4. g3 Nc6 5. Bg2 e5 6. d3 Nge7 7. 0-0 0-0 8. a3 d5 9. cxd5 Nxd5 10. Nxd5 Qxd5 11. Ng5 1/2-1/2

[Event "EU-Cup 36th"]
[Site "Struga"]
[Date "2021.09.21"]
[Round "4.5"]
[White "Zymberi, Astrit"]
[Black "Kosanovic, Goran A"]
[Result "0-1"]
[WhiteElo "2107"]
[BlackElo "2311"]
[PlyCount "110"]
[EventDate "2021.09.18"]
[EventType "team-swiss"]
[EventRounds "7"]
[EventCountry "MKD"]
[SourceTitle "CBM 204 Extra"]
[Source "ChessBase"]
[SourceDate "2021.11.30"]
[SourceVersion "1"]
[SourceVersionDate "2021.11.30"]
[SourceQuality "1"]
[WhiteTeam "Drejtesia"]
[BlackTeam "Sloven Ruma"]
[WhiteTeamCountry "KOS"]
[BlackTeamCountry "SRB"]

1. d4 d5 2. c4 e6 3. Nc3 c6 4. cxd5 exd5 5. Bf4 Bd6 6. Bxd6 Qxd6 7. e3 Bf5 8. Bd3 Bxd3 9. Qxd3 Nf6 10. Nge2 Nbd7 11. f3 0-0 12. 0-0 Rfe8 13. Ng3 c5 14. Rad1 Rad8 15. Rfe1 a6 16. dxc5 Nxc5 17. Qc2 Qb6 18. Nf5 Ne6 19. Qf2 g6 20. Nd4 Nxd4 21. Rxd4 Rd6 22. g4 h6 23. h4 Rde6 24. Qd2 Re5 25. Kg2 Qe6 26. Nd1 h5 27. g5 Ne4 28. fxe4 Qg4+ 29. Kf1 dxe4 30. Re2 Qxh4 31. Rg2 Qh1+ 32. Rg1 Rf5+ 33. Nf2 Qh3+ 34. Ke1 Qh4 35. Rd8 Rxd8 36. Qxd8+ Kh7 37. Qd2 Qh2 38. Rh1 Qg3 39. Rf1 Rf3 40. Kd1 Qxg5 41. Re1 Qf5 42. Re2 h4 43. Kc2 g5 44. Nd1 g4 45. Qd8 Qf6 46. Qb8 g3 47. Qxb7 h3 48. Qd7 g2 49. Qg4 Qg6 50. Qh4+ Kg7 51. Rd2 Qg3 52. Qe7 g1Q 53. Rd8 Kh7 54. Qc5 Qg6 55. Qe5 Rf6 0-1

[Event "SRB-chT Premier"]
[Site "Ruma"]
[Date "2020.09.28"]
[Round "5.4"]
[White "Kosanovic, Goran A"]
[Black "Toth, Aleksandar"]
[Result "1/2-1/2"]
[WhiteElo "2310"]
[BlackElo "2352"]
[PlyCount "75"]
[EventDate "2020.09.25"]
[EventType "team-tourn"]
[EventRounds "11"]
[EventCountry "SRB"]
[SourceTitle "CBM 198 Extra"]
[Source "ChessBase"]
[SourceDate "2020.11.30"]
[SourceVersion "1"]
[SourceVersionDate "2020.11.30"]
[SourceQuality "1"]
[WhiteTeam "Ruma Sloven"]
[BlackTeam "Lucani Mladost"]
[WhiteTeamCountry "SRB"]
[BlackTeamCountry "SRB"]

1. d4 d5 2. c4 e6 3. Nc3 Be7 4. Nf3 Nf6 5. Bg5 h6 6. Bh4 0-0 7. e3 b6 8. cxd5 Nxd5 9. Bxe7 Qxe7 10. Nxd5 exd5 11. Rc1 Be6 12. Be2 c5 13. dxc5 bxc5 14. 0-0 Nd7 15. Qa4 a6 16. Qa3 Qf6 17. Nd2 Rfb8 18. Nb3 a5 19. Rfd1 a4 20. Nxc5 Nxc5 21. Rxc5 Rxb2 22. Bf3 Bg4 23. Rcxd5 Bxf3 24. gxf3 Qg6+ 25. Kf1 Qc2 26. Rd8+ Rxd8 27. Rxd8+ Kh7 28. Qd3+ Qxd3+ 29. Rxd3 Rxa2 30. Rd7 Kg6 31. Ra7 a3 32. Kg2 Ra1 33. h4 a2 34. Ra5 f5 35. f4 Kf6 36. Ra6+ Kf7 37. h5 Ke7 38. Kh2 1/2-1/2

[Event "Gradiste op 1st"]
[Site "Gradiste"]
[Date "2019.06.27"]
[Round "6"]
[White "Voiska, Margarita"]
[Black "Kosanovic, Goran A"]
[Result "1/2-1/2"]
[WhiteElo "2218"]
[BlackElo "2316"]
[PlyCount "49"]
[EventDate "2019.06.24"]
[EventType "swiss"]
[EventRounds "9"]
[EventCountry "CRO"]
[SourceTitle "EXT 2020"]
[Source "ChessBase"]
[SourceDate "2019.10.17"]
[SourceVersion "1"]
[SourceVersionDate "2019.10.17"]
[SourceQuality "1"]

1. d4 Nf6 2. c4 e6 3. Nf3 d5 4. e3 c6 5. Bd3 Nbd7 6. 0-0 Bd6 7. Nbd2 c5 8. cxd5 exd5 9. e4 dxe4 10. Nxe4 Nxe4 11. Bxe4 Be7 12. Be3 cxd4 13. Bxd4 Nf6 14. Bd3 0-0 15. Qc2 h6 16. Rad1 Qa5 17. Rfe1 Be6 18. Bc4 Bxc4 19. Qxc4 Qb4 20. Rc1 Qxc4 21. Rxc4 Nd5 22. g3 Rfd8 23. a3 a6 24. Kf1 Kf8 25. Bc5 1/2-1/2

[Event "Veliko Gradiste Silver Lake op"]
[Site "Veliko Gradiste"]
[Date "2019.06.22"]
[Round "8"]
[White "Kosanovic, Goran A"]
[Black "Volkov, Dmitry V"]
[Result "1-0"]
[WhiteElo "2316"]
[BlackElo "2206"]
[PlyCount "157"]
[EventDate "2019.06.16"]
[EventType "swiss"]
[EventRounds "9"]
[EventCountry "SRB"]
[SourceTitle "CBM 191 Extra"]
[Source "ChessBase"]
[SourceDate "2019.09.30"]
[SourceVersion "1"]
[SourceVersionDate "2019.09.30"]
[SourceQuality "1"]

1. e4 e5 2. Nf3 Nf6 3. Nxe5 Nxe4 4. Qe2 Qe7 5. Qxe4 d6 6. d4 dxe5 7. dxe5 Nc6 8. Nc3 Qxe5 9. Qxe5+ Nxe5 10. Nb5 Bb4+ 11. Bd2 Bxd2+ 12. Kxd2 Kd8 13. Re1 f6 14. f4 Ng6 15. g3 Bd7 16. Nd4 Re8 17. Bd3 c5 18. Rxe8+ Kxe8 19. Re1+ Kd8 20. Nf5 Bxf5 21. Bxf5 Nf8 22. Ke3 g6 23. Bh3 b5 24. Rd1+ Kc7 25. Rd5 f5 26. Rxc5+ Kb6 27. Rd5 Rc8 28. Kd2 Rb8 29. Bf1 Kc6 30. Bg2 Kc7 31. Rc5+ Kd7 32. Rc6 a5 33. Ra6 a4 34. Bd5 Rc8 35. Kd3 Ke7 36. c4 Nd7 37. Kd4 bxc4 38. Re6+ Kd8 39. Bxc4 Rb8 40. Re2 Kc7 41. b3 axb3 42. axb3 Nf8 43. Re7+ Kd6 44. Rf7 Re8 45. Kd3 Kc5 46. Kc3 Kd6 47. b4 Re3+ 48. Kd2 Re8 49. Kd3 Rb8 50. Kc3 Rc8 51. Rf6+ Ke7 52. Ra6 Nd7 53. Re6+ Kd8 54. Kd4 Rb8 55. b5 Nb6 56. Rf6 Ke7 57. Rf7+ Kd6 58. Rxh7 Rc8 59. Bd3 Nd5 60. Ra7 Nc7 61. Bc4 Rb8 62. Kc3 Nxb5+ 63. Bxb5 Rxb5 64. Ra6+ Kd5 65. Rxg6 Ra5 66. Rf6 Ke4 67. Re6+ Kf3 68. Re5 Ra2 69. Rxf5 Rxh2 70. Rg5 Ke4 71. f5 Rh8 72. g4 Rc8+ 73. Kd2 Rd8+ 74. Ke2 Ra8 75. f6 Ra2+ 76. Kd1 Ra7 77. Rf5 Kd3 78. Ke1 Ke3 79. Kf1 1-0

[Event "Veliko Gradiste Silver Lake op"]
[Site "Veliko Gradiste"]
[Date "2019.06.19"]
[Round "5"]
[White "Stankovic, Milos"]
[Black "Kosanovic, Goran A"]
[Result "1/2-1/2"]
[WhiteElo "2462"]
[BlackElo "2316"]
[PlyCount "53"]
[EventDate "2019.06.16"]
[EventType "swiss"]
[EventRounds "9"]
[EventCountry "SRB"]
[SourceTitle "CBM 191 Extra"]
[Source "ChessBase"]
[SourceDate "2019.09.30"]
[SourceVersion "1"]
[SourceVersionDate "2019.09.30"]
[SourceQuality "1"]

1. e4 e5 2. Nf3 Nf6 3. Nxe5 d6 4. Nc4 Nxe4 5. Qe2 Qe7 6. Ne3 c6 7. g3 g6 8. Bg2 Nf6 9. d4 Bg7 10. 0-0 0-0 11. c4 c5 12. dxc5 dxc5 13. Nc3 Nc6 14. Re1 Nd4 15. Qd1 Be6 16. Ned5 Qd7 17. Bg5 Nxd5 18. Nxd5 Bxd5 19. Bxd5 Rae8 20. Qd3 b6 21. Rad1 h5 22. b3 Kh7 23. Kg2 Bh6 24. Bf6 Bg7 25. Bg5 Bh6 26. Bf6 Bg7 27. Bg5 1/2-1/2

[Event "Veliko Gradiste Silver Lake op"]
[Site "Veliko Gradiste"]
[Date "2019.06.16"]
[Round "1"]
[White "Kosanovic, Goran A"]
[Black "Manojlovic, Sava"]
[Result "1-0"]
[WhiteElo "2316"]
[BlackElo "2024"]
[PlyCount "49"]
[EventDate "2019.06.16"]
[EventType "swiss"]
[EventRounds "9"]
[EventCountry "SRB"]
[SourceTitle "CBM 191 Extra"]
[Source "ChessBase"]
[SourceDate "2019.09.30"]
[SourceVersion "1"]
[SourceVersionDate "2019.09.30"]
[SourceQuality "1"]

1. d4 Nf6 2. Nf3 g6 3. c4 Bg7 4. Nc3 c5 5. e3 0-0 6. Be2 cxd4 7. exd4 d5 8. c5 Nc6 9. 0-0 Ne4 10. Be3 e5 11. Nxe4 dxe4 12. Nxe5 Nxe5 13. dxe5 Bxe5 14. Qc2 Bf5 15. Rfd1 Qf6 16. Rd2 Rfd8 17. Rad1 Rxd2 18. Rxd2 h5 19. b4 a6 20. Bc4 Rd8 21. Rxd8+ Qxd8 22. a4 Bg4 23. h3 Bc8 24. Bf1 Qe7 25. Qd2 1-0

[Event "Novi Sad TS IM 106th"]
[Site "Novi Sad"]
[Date "2019.02.09"]
[Round "6"]
[White "Kosanovic, Goran A"]
[Black "Nie, Xinyang"]
[Result "1-0"]
[WhiteElo "2315"]
[BlackElo "2244"]
[PlyCount "189"]
[EventDate "2019.02.06"]
[EventType "tourn"]
[EventRounds "9"]
[EventCountry "SRB"]
[EventCategory "1"]
[SourceTitle "CBM 189 Extra"]
[Source "ChessBase"]
[SourceDate "2019.06.03"]
[SourceVersion "1"]
[SourceVersionDate "2019.06.03"]
[SourceQuality "1"]

1. d4 d5 2. Nf3 Nf6 3. e3 a6 4. Bd3 Bg4 5. c4 e6 6. h3 Bh5 7. Nbd2 c5 8. cxd5 Nxd5 9. Be2 Nc6 10. dxc5 Bxc5 11. Nb3 Be7 12. 0-0 0-0 13. Nbd4 Qb6 14. Nxc6 bxc6 15. Ne5 Bxe2 16. Qxe2 Qb5 17. Qxb5 cxb5 18. e4 Nf6 19. Bg5 h6 20. Nc6 hxg5 21. Nxe7+ Kh7 22. e5 Nd7 23. Rfe1 Rfe8 24. Nc6 Rec8 25. Rad1 Rxc6 26. Rxd7 Kg6 27. Rd2 Rac8 28. g4 a5 29. Kf1 b4 30. Re3 Rc1+ 31. Ke2 Rb1 32. a3 Rb8 33. a4 Rc8 34. Kf3 Rcc1 35. Ke4 Rc4+ 36. Kd3 Rc7 37. Ke4 Rc5 38. Kf3 Rc4 39. Kg2 Rcc1 40. Kf3 Ra1 41. b3 Rab1 42. Rdd3 Rg1 43. Ke4 Rgf1 44. Kf3 Rbc1 45. Rd2 Rh1 46. Ke4 Rc5 47. Rdd3 Rh2 48. f4 gxf4 49. Kxf4 Rf2+ 50. Rf3 Rfc2 51. h4 Rc7 52. h5+ Kh6 53. Rd8 Kh7 54. Ra8 R7c5 55. Ra7 Re2 56. Kg3 Kh6 57. Raxf7 Rcxe5 58. Rf8 R5e4 59. Kh3 R2e3 60. Kh4 g5+ 61. Kg3 Kh7 62. R8f7+ Kh8 63. Ra7 Rc3 64. Rxa5 Ree3 65. Rxe3 Rxe3+ 66. Kg2 Rxb3 67. Rxg5 Kh7 68. Re5 Kh6 69. Rxe6+ Kg5 70. Rg6+ Kf4 71. h6 Rb2+ 72. Kh3 Rb1 73. Rb6 b3 74. Rb4+ Kg5 75. h7 Rh1+ 76. Kg3 Rxh7 77. Rxb3 Rc7 78. Rb5+ Kg6 79. a5 Rc4 80. Kh4 Ra4 81. Rb6+ Kg7 82. a6 Ra5 83. Kg3 Ra4 84. Kf3 Rc4 85. g5 Ra4 86. Ke3 Rg4 87. g6 Rc4 88. Kd3 Rc1 89. Kd4 Rc2 90. Kd5 Rc1 91. Rc6 Ra1 92. Kc5 Kf8 93. Kb6 Rb1+ 94. Kc7 Ke7 95. a7 1-0

[Event "Novi Sad TS IM 106th"]
[Site "Novi Sad"]
[Date "2019.02.07"]
[Round "2"]
[White "Kosanovic, Goran A"]
[Black "Marjanovic, Annamaria"]
[Result "1/2-1/2"]
[WhiteElo "2315"]
[BlackElo "2320"]
[PlyCount "42"]
[EventDate "2019.02.06"]
[EventType "tourn"]
[EventRounds "9"]
[EventCountry "SRB"]
[EventCategory "1"]
[SourceTitle "CBM 189 Extra"]
[Source "ChessBase"]
[SourceDate "2019.06.03"]
[SourceVersion "1"]
[SourceVersionDate "2019.06.03"]
[SourceQuality "1"]

1. d4 Nf6 2. Bg5 e6 3. e4 h6 4. Bxf6 Qxf6 5. Nc3 d6 6. Nf3 Nd7 7. Qd2 Qd8 8. Bd3 a6 9. Ne2 Be7 10. Ng3 c5 11. c3 Qc7 12. 0-0 0-0 13. Rfe1 Rd8 14. Rad1 b5 15. h3 Bb7 16. Bb1 Bf8 17. Nh2 e5 18. Ng4 cxd4 19. cxd4 exd4 20. Qxd4 Qc5 21. Qd2 Ne5 1/2-1/2

[Event "Novi Sad TS IM 106th"]
[Site "Novi Sad"]
[Date "2019.02.06"]
[Round "1"]
[White "Bozic, Milan"]
[Black "Kosanovic, Goran A"]
[Result "1/2-1/2"]
[WhiteElo "2312"]
[BlackElo "2315"]
[PlyCount "21"]
[EventDate "2019.02.06"]
[EventType "tourn"]
[EventRounds "9"]
[EventCountry "SRB"]
[EventCategory "1"]
[SourceTitle "CBM 189 Extra"]
[Source "ChessBase"]
[SourceDate "2019.06.03"]
[SourceVersion "1"]
[SourceVersionDate "2019.06.03"]
[SourceQuality "1"]

1. c4 e6 2. Nc3 d5 3. d4 Nf6 4. cxd5 exd5 5. Bg5 Be7 6. e3 c6 7. Bd3 Nbd7 8. Qc2 0-0 9. Nf3 Re8 10. 0-0 Nf8 11. a3 1/2-1/2

[Event "Novi Sad TS IM 97th"]
[Site "Novi Sad"]
[Date "2019.01.16"]
[Round "6"]
[White "Kosanovic, Goran A"]
[Black "Mendonca, Leon Luke"]
[Result "1/2-1/2"]
[WhiteElo "2320"]
[BlackElo "2350"]
[PlyCount "42"]
[EventDate "2019.01.14"]
[EventType "tourn"]
[EventRounds "9"]
[EventCountry "SRB"]
[SourceTitle "CBM 188 Extra"]
[Source "ChessBase"]
[SourceDate "2019.02.26"]
[SourceVersion "1"]
[SourceVersionDate "2019.02.26"]
[SourceQuality "1"]

1. d4 Nf6 2. Nf3 g6 3. c4 Bg7 4. Nc3 0-0 5. e3 d6 6. Be2 Nbd7 7. 0-0 e5 8. Qc2 Re8 9. Rd1 e4 10. Nd2 Qe7 11. b4 h5 12. h3 Nf8 13. Bb2 Bf5 14. a4 N8h7 15. b5 h4 16. a5 g5 17. Nf1 Qd7 18. Nh2 g4 19. hxg4 Nxg4 20. Nd5 Ng5 21. Nf4 Nf6 1/2-1/2

[Event "Novi Sad TS IM 97th"]
[Site "Novi Sad"]
[Date "2019.01.14"]
[Round "1"]
[White "Kosanovic, Goran A"]
[Black "Drazic, Sinisa"]
[Result "1/2-1/2"]
[WhiteElo "2320"]
[BlackElo "2423"]
[PlyCount "20"]
[EventDate "2019.01.14"]
[EventType "tourn"]
[EventRounds "9"]
[EventCountry "SRB"]
[SourceTitle "CBM 188 Extra"]
[Source "ChessBase"]
[SourceDate "2019.02.26"]
[SourceVersion "1"]
[SourceVersionDate "2019.02.26"]
[SourceQuality "1"]

1. e4 c5 2. Nf3 Nc6 3. d4 cxd4 4. Nxd4 Nf6 5. Nc3 g6 6. Be3 d6 7. Bb5 Bd7 8. 0-0 Bg7 9. Qd2 0-0 10. f3 Ne5 1/2-1/2

[Event "EU-Cup 34th"]
[Site "Porto Carras"]
[Date "2018.10.12"]
[Round "1.5"]
[White "Kosanovic, Goran A"]
[Black "Christensen, Esben"]
[Result "1-0"]
[WhiteElo "2329"]
[BlackElo "2017"]
[PlyCount "125"]
[EventDate "2018.10.12"]
[EventType "team-swiss"]
[EventRounds "7"]
[EventCountry "GRE"]
[SourceTitle "CBM 187"]
[Source "ChessBase"]
[SourceDate "2018.12.11"]
[SourceVersion "1"]
[SourceVersionDate "2018.12.11"]
[SourceQuality "1"]
[WhiteTeam "Sloven Ruma"]
[BlackTeam "Bronshoj"]
[WhiteTeamCountry "SRB"]
[BlackTeamCountry "DEN"]

1. d4 Nf6 2. Nf3 d5 3. e3 e6 4. Bd3 Nbd7 5. Nbd2 c5 6. b3 Be7 7. Bb2 0-0 8. 0-0 b6 9. Ne5 Bb7 10. f4 Ne4 11. Nxe4 dxe4 12. Be2 f5 13. Nxd7 Qxd7 14. dxc5 Qxd1 15. Rfxd1 Bxc5 16. Bd4 Be7 17. a4 Rac8 18. c3 Rfd8 19. a5 Bc5 20. Bxc5 bxc5 21. b4 cxb4 22. cxb4 Bd5 23. Rac1 Kf7 24. Ba6 Rxc1 25. Rxc1 Rd7 26. Bc8 Re7 27. b5 Ke8 28. Ba6 Bb7 29. Bxb7 Rxb7 30. a6 Rd7 31. Rc8+ Ke7 32. Kf2 Kd6 33. Rc6+ Ke7 34. Ke2 h6 35. h4 h5 36. g3 Kf6 37. b6 axb6 38. Rxb6 Rd3 39. a7 Ra3 40. Rb7 e5 41. Kd2 exf4 42. gxf4 g6 43. Kc2 Ke6 44. Kb2 Ra5 45. Kb3 Kd6 46. Rg7 Kc5 47. Rxg6 Rxa7 48. Rf6 Rd7 49. Rxf5+ Kc6 50. Rxh5 Rd3+ 51. Kc4 Kd6 52. Re5 Rxe3 53. Kd4 Rh3 54. Kxe4 Rxh4 55. Kf5 Rh5+ 56. Kf6 Rh6+ 57. Kg7 Rh4 58. Re4 Kd7 59. Kf7 Kd6 60. Re6+ Kd7 61. f5 Rg4 62. Re1 Kd8 63. Rd1+ 1-0